| 000 | 00498nam a2200169 i 4500 | ||
|---|---|---|---|
| 001 | 49064 | ||
| 003 | ES-MaACL | ||
| 005 | 20230906161857.0 | ||
| 007 | t| | ||
| 008 | 030707s1923 sp ||||1| spa d | ||
| 100 | 1 |
_aCorral y Maestro, León de. _940732 |
|
| 245 | 1 | 0 |
_aProntuario de clínica propedéutica / _cpor León Corral y Maestro. |
| 250 | _a5ª ed. | ||
| 260 |
_aValladolid : _b[s.n.], _c1923 ( _fAndrés Martín) |
||
| 300 |
_aVII, 770 p. : _bil. ; _c19 cm. |
||
| 852 |
_aES-MaACL _jB-11744 |
||
| 999 |
_c49064 _d49064 |
||